00576nam a2200157 a 450000100100000000500170001000800410002704000250006808200150009310000390010824500600014726000540020730000270026195201130028899900170040100004560120201002052335.0150416s1984 dr a 000 0 spa d aDO-SdBNPbspacBNPHU axxxxbxxxx1 aHernández, José Ricardo97366810aLagrimas, luz y poesía /cJosé Ricardo Hernández. aSanto Domingo :bEstudio Editorial Incoco,c1984. a90 p. :bil. ;c21 cm. 0010718PDaPDbPDcCTd2015-04-16iLF1l0oxxxx xxxxp45601-10r2020-06-25w2020-06-25yLFPDZNo se presta c45090d45090